000 00789nam a22002777a 4500
001 BR9104079
003 BR-BrBNA
005 20230928093636.0
007 ta
008 230509b bl.||||| |||| 00| 0 por d
040 _aBR-BrBNA
_bpor
_cBiblioteca Nacional de Agricultura
041 _a(Por)
072 _aF01
_b/G514
090 _ F01 BR9104079
100 1 _aNeves, R.R.B.
100 1 _aRomualdo, R.A.S.
100 1 _aTerra, M.M.
100 1 _aFigueiredo, J.O. de
110 1 _aSociedade Brasileira de Fruticultura, Campinas, SP (Brasil)
_99728
245 1 _aContribuicao a bibliografia nacional de fruticultura, 1988/1990
260 3 _aCampinas, SP (Brasil):
_c1991.
300 _a110 p.
650 _aFRUTICULTURA
909 _a202309
_bLucia
_c55
_dLucia Elande
942 _cBK
999 _c46206
_d46206